| 000 | 00603nam a2200217 a 4500 | ||
|---|---|---|---|
| 001 | BRCA_8028 | ||
| 005 | 20190320210113.0 | ||
| 008 | 210314s1960----gw-a###f##---#001-0#ger-# | ||
| 041 | _ager | ||
| 044 | _agw | ||
| 050 | 4 |
_aNK2808 _b.S33 _c1960 |
|
| 100 | 1 |
_aSchlosser, Ignaz _918658 |
|
| 245 | 1 | 0 |
_aDer schöne teppich _borient und okzident _cIgnaz Schlosser. |
| 260 |
_aMunchen _bKeysersche _c1960 |
||
| 300 |
_a335 p. _bil. (algunas a color) _c23 cm. |
||
| 500 | _a3173 | ||
| 650 | 1 | 4 |
_aAlfombras orientales _vHistoria _919948 |
| 650 | 1 | 4 |
_aTapetes _vCatálogos _919949 |
| 902 | _aGFM | ||
| 942 |
_2lcc _cB |
||
| 999 |
_c7697 _d7697 |
||